<?xml version="1.0" encoding="UTF-8"?>
<record
    xmlns:xsi="http://www.w3.org/2001/XMLSchema-instance"
    xsi:schemaLocation="http://www.loc.gov/MARC21/slim http://www.loc.gov/standards/marcxml/schema/MARC21slim.xsd"
    xmlns="http://www.loc.gov/MARC21/slim">

  <leader>04879nam a2200457Ia 4500</leader>
  <controlfield tag="001">dia_4610</controlfield>
  <controlfield tag="003">CHAP</controlfield>
  <controlfield tag="005">20250708175908.0</controlfield>
  <controlfield tag="007">ta</controlfield>
  <controlfield tag="008">220117s2009    mx do  frm    001 0 spa d</controlfield>
  <datafield tag="010" ind1=" " ind2=" ">
    <subfield code="a">175279</subfield>
  </datafield>
  <datafield tag="040" ind1=" " ind2=" ">
    <subfield code="c">CHAP</subfield>
    <subfield code="a">mxchpua</subfield>
    <subfield code="e">rda</subfield>
  </datafield>
  <datafield tag="041" ind1="0" ind2=" ">
    <subfield code="a">spa</subfield>
    <subfield code="b">eng</subfield>
  </datafield>
  <datafield tag="090" ind1=" " ind2=" ">
    <subfield code="a">Tesis </subfield>
    <subfield code="b">M86 </subfield>
    <subfield code="c">2009</subfield>
  </datafield>
  <datafield tag="100" ind1="1" ind2=" ">
    <subfield code="a">Mu&#xF1;oz Chocolatl, Octavio</subfield>
  </datafield>
  <datafield tag="240" ind1="1" ind2="0">
    <subfield code="a">Conservation of cactus pear (Opuntia albicarpa) fruits in modified atmosphere.</subfield>
    <subfield code="l">Espa&#xF1;ol</subfield>
  </datafield>
  <datafield tag="245" ind1="1" ind2="0">
    <subfield code="a">Conservaci&#xF3;n de frutas de tuna blanca (Opuntia albicarpa) en atm&#xF3;sferas modificadas /</subfield>
    <subfield code="c">Octavio Mu&#xF1;oz Chocolatl</subfield>
  </datafield>
  <datafield tag="264" ind1=" " ind2=" ">
    <subfield code="a">Chapingo, M&#xE9;xico :</subfield>
    <subfield code="b">El autor,</subfield>
    <subfield code="c">2009</subfield>
  </datafield>
  <datafield tag="300" ind1=" " ind2=" ">
    <subfield code="a">116 hojas :</subfield>
    <subfield code="b">gr&#xE1;ficas, tablas, fotos</subfield>
  </datafield>
  <datafield tag="336" ind1=" " ind2=" ">
    <subfield code="2">rdacontent</subfield>
    <subfield code="a">texto</subfield>
    <subfield code="b">txt</subfield>
  </datafield>
  <datafield tag="337" ind1=" " ind2=" ">
    <subfield code="2">rdamedia</subfield>
    <subfield code="a">no mediado</subfield>
    <subfield code="b">n</subfield>
  </datafield>
  <datafield tag="338" ind1=" " ind2=" ">
    <subfield code="2">rdacarrier</subfield>
    <subfield code="a">volumen</subfield>
    <subfield code="b">nc</subfield>
  </datafield>
  <datafield tag="502" ind1=" " ind2=" ">
    <subfield code="a">Tesis </subfield>
    <subfield code="b">(Maestro en Ciencias en Ciencia y Tecnolog&#xED;a Agroalimentaria) -- </subfield>
    <subfield code="c">UACh. Departamento de Ingenier&#xED;a Agroindustrial,</subfield>
    <subfield code="d">2009</subfield>
  </datafield>
  <datafield tag="504" ind1=" " ind2=" ">
    <subfield code="a">Bibliograf&#xED;a: hojas 107-116</subfield>
  </datafield>
  <datafield tag="520" ind1="3" ind2=" ">
    <subfield code="a">El fruto de tuna (Opuntia albicarpa) se Consume normalmente en fresco y se recomienda el uso de baja temperatura, pero no siempre hay infraestructura disponible. Las atm&#xF3;sferas modificadas (AM) pueden ser una alternativa al manejo refrigerado o ser un complemento del mismo, pero su implementaci&#xF3;n requiere de dise&#xF1;o cuidadoso para operar adecuadamente. Los objetivos del trabajo fueron estudiar la actividad respiratoria del fruto en condiciones de O2 y CO, de AM, evaluar los par&#xE1;metros de operaci&#xF3;n y los cambios en postcosecha bajo un manejo en AM. La actividad respiratoria se caracteriz&#xF3; con la teor&#xED;a de la cin&#xE9;tica enzim&#xE1;tica y se construy&#xF3; un modelo acompetitivo, con valores de consumo m&#xE1;ximo de O2, constante de Michaelis Menten y relaci&#xF3;n concentraci&#xF3;n de CO2, a constante acompetitiva de 30.4 mL kg h 3.1 % y -9.7, a 20 &#xB0;C y de 24.0 mL kg h, 10.8 % y -9.9 a 8 &#xB0;C, respectivamente. Para una operaci&#xF3;n adecuada a 20 &#xB0;C con O2, entre 2 y 6% en el envase pl&#xE1;stico, se requiere un espesor de &#xE9;ste entre 38 y 17 um con CO2, instalado entre 4.0 y 3.2 %, pero para 8 &#xB0;C el espesor debe ser entre 80.0 y 26.4 um, con CO2, entre 4.3 y 3.4 %, respectivamente. La aplicaci&#xF3;n de la t&#xE9;cnica de AM en postcosecha result&#xF3; en una reducci&#xF3;n de la p&#xE9;rdida de peso, la conservaci&#xF3;n del color y de la firmeza de los frutos y la reducci&#xF3;n de la velocidad de respiraci&#xF3;n con baja actividad fermentativa. A 20&#xB0;C, la AM permiti&#xF3; un manejo hasta por 15 d con oxidaci&#xF3;n moderada de la c&#xE1;scara, pero a 8&#xB0;C la conservaci&#xF3;n se consigui&#xF3; extender hasta por 45 d. --</subfield>
  </datafield>
  <datafield tag="520" ind1="3" ind2=" ">
    <subfield code="a">The cactus pear (Opuntia albicarpa) fruit is normally consumed fresh and the use of low temperature is recommended, but there is not always infrastructure available Modified atmospheres (MA) can serve as an alternative to refrigerated handling or as a complement to it, but its implementation requires a careful design to operate adequately. The objectives of this work were to study fruit respiratory activity under O, and CO, MA conditions, and to evaluate the operation parameters of the MA system and the postharvest changes of the fruit under MA handling. The respiratory activity was characterized through the kinetic enzymatic theory and an uncompetitive model was constructed, with values for maximum O, consumption, Michaelis Menten constant and a ratio of CO, concentration to the uncompetitive constant of 30.4 mL kg h, 3.1% and -9.7 at 20 &#xB0;C, and of 24.0 mL kg' h, 10.8 % and -9.9 at 8 &#xB0;C, respectively. In order to have an adequate operation at 20 &#xB0;C, with O, between 2 and 6 % inside the plastic package, a film thickness of between 38 and 17 um is required, with CO, installed between 4.0 and 3.2 %, but for 8 &#xB0;C the thickness has to be between 80 and 26.4 um, with CO, between 4.3 and 3.4 %, respectively. The postharvest application of the MA technique resulted in reduced weight loss, fruit color and firmness conservation, and a reduced respiration rate with low fermentative activity. At 20 &#xB0;C, the MA allowed a handling up to 15 d with moderate skin oxidation, but at 8 &#xB0;C it was able to extend the conservation up to 45 d.&#xA0;</subfield>
  </datafield>
  <datafield tag="650" ind1="1" ind2="3">
    <subfield code="a">Higos de tuna</subfield>
    <subfield code="x">Preservaci&#xF3;n  </subfield>
    <subfield code="2">atg</subfield>
  </datafield>
  <datafield tag="650" ind1="1" ind2="3">
    <subfield code="a">Higos de tuna  </subfield>
    <subfield code="x">Almacenamiento bajo atm&#xF3;sfera controlada</subfield>
    <subfield code="2">atg</subfield>
  </datafield>
  <datafield tag="650" ind1="1" ind2="3">
    <subfield code="a">Cactus pears</subfield>
    <subfield code="x">Preservation  </subfield>
    <subfield code="2">atg</subfield>
  </datafield>
  <datafield tag="650" ind1="1" ind2="3">
    <subfield code="a">Cactus pears</subfield>
    <subfield code="x">Controlled atmosphere storage</subfield>
    <subfield code="2">atg</subfield>
  </datafield>
  <datafield tag="700" ind1="1" ind2=" ">
    <subfield code="a">Valle Guadarrama, Salvador</subfield>
    <subfield code="e">director</subfield>
  </datafield>
  <datafield tag="700" ind1="1" ind2=" ">
    <subfield code="a">Mart&#xED;nez Dami&#xE1;n, Mar&#xED;a Teresa</subfield>
    <subfield code="e">asesora</subfield>
  </datafield>
  <datafield tag="700" ind1="1" ind2=" ">
    <subfield code="a">P&#xE9;rez L&#xF3;pez, Artemio</subfield>
    <subfield code="e">asesor</subfield>
  </datafield>
  <datafield tag="856" ind1="4" ind2="2">
    <subfield code="u">http://10.13.5.2/tesis/108370.pdf</subfield>
    <subfield code="y">DESCARGAR PDF</subfield>
  </datafield>
  <datafield tag="901" ind1=" " ind2=" ">
    <subfield code="a">Tesis M86 2009</subfield>
  </datafield>
  <datafield tag="902" ind1=" " ind2=" ">
    <subfield code="a">A</subfield>
  </datafield>
  <datafield tag="905" ind1=" " ind2=" ">
    <subfield code="a">0000002009                          MX A M 0000000000SPA00</subfield>
  </datafield>
  <datafield tag="942" ind1=" " ind2=" ">
    <subfield code="c">TESIS</subfield>
    <subfield code="2">Clasificaci&#xF3;n Universidad Aut&#xF3;noma Chapingo</subfield>
  </datafield>
  <datafield tag="999" ind1=" " ind2=" ">
    <subfield code="c">175279</subfield>
    <subfield code="d">175279</subfield>
  </datafield>
  <datafield tag="952" ind1=" " ind2=" ">
    <subfield code="0">0</subfield>
    <subfield code="1">0</subfield>
    <subfield code="2">local</subfield>
    <subfield code="4">0</subfield>
    <subfield code="5">5</subfield>
    <subfield code="7">0</subfield>
    <subfield code="8">TESIS</subfield>
    <subfield code="a">IA_</subfield>
    <subfield code="b">IA_</subfield>
    <subfield code="d">2024-11-19</subfield>
    <subfield code="e">El autor</subfield>
    <subfield code="l">1</subfield>
    <subfield code="o">Tesis M86 2009</subfield>
    <subfield code="p">1101001013</subfield>
    <subfield code="r">2026-02-02 00:00:00</subfield>
    <subfield code="s">2024-11-19</subfield>
    <subfield code="t">Ej. 2</subfield>
    <subfield code="y">TESIS</subfield>
  </datafield>
  <datafield tag="952" ind1=" " ind2=" ">
    <subfield code="0">0</subfield>
    <subfield code="1">0</subfield>
    <subfield code="2">local</subfield>
    <subfield code="4">0</subfield>
    <subfield code="5">1</subfield>
    <subfield code="7">0</subfield>
    <subfield code="8">TESIS</subfield>
    <subfield code="a">IA_</subfield>
    <subfield code="b">IA_</subfield>
    <subfield code="d">2022-01-18</subfield>
    <subfield code="e">El autor</subfield>
    <subfield code="l">0</subfield>
    <subfield code="o">Tesis M86 2009</subfield>
    <subfield code="p">1101001012</subfield>
    <subfield code="r">2026-02-02 00:00:00</subfield>
    <subfield code="t">Ej. 1</subfield>
    <subfield code="y">TESIS</subfield>
  </datafield>
  <datafield tag="952" ind1=" " ind2=" ">
    <subfield code="0">0</subfield>
    <subfield code="1">0</subfield>
    <subfield code="2">local</subfield>
    <subfield code="4">0</subfield>
    <subfield code="7">0</subfield>
    <subfield code="8">TesDigM</subfield>
    <subfield code="a">IA_</subfield>
    <subfield code="b">IA_</subfield>
    <subfield code="c">E_L</subfield>
    <subfield code="d">2025-02-11</subfield>
    <subfield code="e">El autor</subfield>
    <subfield code="l">0</subfield>
    <subfield code="p">1201001012</subfield>
    <subfield code="r">2025-02-11 12:47:18</subfield>
    <subfield code="w">2025-02-11</subfield>
    <subfield code="y">TD</subfield>
  </datafield>
</record>
